Patronos y pintores: arte y sociedad en la Italia barroca

Uloženo v:
Podrobná bibliografie
Hlavní autor: Haskell, Francis (Autor)
Médium: Kniha
Jazyk:španělština
Vydáno: Madrid Cátedra 1984
Témata:
Tagy: Přidat tag
Žádné tagy, Buďte první, kdo vytvoří štítek k tomuto záznamu!

MARC

LEADER 00000nam a2200000 a 4500
001 UCO4556
003 CL-VaPUC
008 000804e19840000SP |||||||||||||||||spa|d
082 0 4 |a 759.5  |b HAS  |2 21 
100 0 |a Haskell, Francis  |e author  |9 449113 
245 1 0 |a Patronos y pintores: arte y sociedad en la Italia barroca 
300 |a 456 p 
942 |c BK 
945 |d 20000804 00:00:00  |a crobeson 
260 |a Madrid  |b Cátedra  |c 1984 
650 0 |a Pintura italiana  |9 265293 
650 0 |a Barroco   |9 338027 
650 0 |a Pintores italianos  |9 265277 
650 0 |a Arte y sociedad   |9 306277 
583 |a last modification  |c 20000804 00:00:00  |k Rodrigo Vera 
999 |c 290586  |d 290584 
952 |0 0  |1 0  |4 0  |6 759_500000000000000_HAS_1984  |7 0  |8 A  |9 340101  |a BIBART  |b BIBART  |d 2019-11-20  |i 1214136  |o 759.5 HAS 1984  |p 1214136  |r 2025-03-13  |w 2019-11-20  |y BK  |k ART